Solar energy : a course of lectures contributed in the 17th International Science School for High School Students sponsored by the Science Foundation for Physics within the University of Sydney, at the University of Sydney, August 26, September 6, 1974 /

Nueve conferencias referentes a aspectos especializados de la energía solar tales como conversión térmica, la naturaleza de la energía solar, y transferencia de calor y almacenaje.

Guardado en:
Autores Corporativos: International Science School for High School Students University of Sydney), University of Sydney. Science Foundation for Physics.
Otros Autores: Messel, H. 1922-, (Editor , ed.), Butler, S.T. (Editor , ed.)
Formato: Libro
Idioma:English
Publicado: Oxford : Pergamon Press, c1975.
Edición:1st ed., reprinted with corrections, 1975.
Series:Pergamon international library of science, technology, engineering, and social studies
Materias:
Etiquetas: Agregar Etiqueta
Sin Etiquetas, Sea el primero en etiquetar este registro!
LEADER 01546cam a22002895a 4500
001 EIQ.libpla001367
008 760630r19751975enkao####b####101#0#eng##
005 20060915185632.0
245 1 0 |a Solar energy :  |b a course of lectures contributed in the 17th International Science School for High School Students sponsored by the Science Foundation for Physics within the University of Sydney, at the University of Sydney, August 26, September 6, 1974 /  |c edited by H. Messel, S. T. Butler. 
250 |a 1st ed., reprinted with corrections, 1975. 
260 |a Oxford :  |b Pergamon Press,  |c c1975. 
300 |a 340 p. :  |b il., fotos ;  |c 22 cm. 
490 0 |a Pergamon international library of science, technology, engineering, and social studies 
504 |a Incluye referencias bibliográficas e índice. 
520 |a Nueve conferencias referentes a aspectos especializados de la energía solar tales como conversión térmica, la naturaleza de la energía solar, y transferencia de calor y almacenaje. 
020 |a 0080198171 
020 |a 0080197817 (pbk) 
111 2 |a International Science School for High School Students  |n (17th :  |d 1974 :  |c University of Sydney) 
700 1 |a Messel, H.  |q (Harry),  |d 1922-,  |e ed.  |4 edt 
700 1 |a Butler, S.T.  |q (Stuart Thomas),  |e ed.  |4 edt 
710 2 |a University of Sydney.  |b Science Foundation for Physics. 
082 0 0 |a 333.7 
650 4 |a Energía solar  |x Curso. 
650 4 |a Solar energy  |x Course. 
010 |a  75015144  
040 |a DLC  |c DLC  |d AR-BbSID 
859 |a AR-BbSID  |b BIB. PLAPIQUI  |h 629.229 6  |i In 8  |p 840